000 01254nam a22002897a 4500
999 _c96163
_d96163
005 20210205153013.0
010 _a1516EN07 B-634803 B-736843
020 _a9789385152146
_c350.00
035 _aB-600505-530 B-634803
035 _aB-666104
035 _aB-736843
037 _adpl
_bPragati/Ven
037 _aPansy Books
037 _bGift/Eng/03-02-2021
082 _aN
100 _aAmish
245 _aScion of Ikshvaku /
_cby Amish
260 _aNew Delhi
_bWestland Ltd.
_c2015
270 _a93, lst Floor, Sham Lal Road, Daryaganj
_bNew Delhi
_e110002
300 _a354p.
_c19cm(pbk)
490 _aRam Chandra Series 1
942 _2ddc
_cEN
_hN
_mAMI